000 01332nam0a22002651 4500
001 rc\4508626
005 20260407051809.0
021 _aRU
_bРг1701-58
035 _a(NLR Aleph) 008346129
090 _a8907831
_c8907831
100 _a20130416d1957 |||y0rusy50 ca
101 0 _arus
102 _aRU
105 _ay c |||||
200 1 _aМетодические указания по определению строительной стоимости и эксплуатационных расходов в курсовом проекте новой железнодорожной линии
_fМПС СССР. Харьковск. ин-т инженеров ж.-д. транспорта им. С.М. Кирова. Кафедра изысканий, проектирования и постройки ж. д.
210 _aХарьков
_cБ. и.
_d1957
215 _a48 с.
_d20
300 _aПеред загл. авт.: канд. техн. наук доц. Калекин В.М.
700 1 _aКалекин
_bВ.М.
712 0 2 _aХарьковский институт инженеров железнодорожного транспорта им. С. М. Кирова
_3RU\NLR\AUTH\8810021149
_9540289
801 0 _aRU
_bNLR
_gpsbo
801 1 _aRU
_bELAR
_2rusmarc
852 _aNLR
_j58-4/4150
942 _cBOOK
980 _aNB